Personnages de My Hero Academia - Statistiques

Statistiques générales
  • Ce quiz a été pris 1 067 fois
  • Le résultat moyen est 16 sur 20
Statistiques - réponses
Élève % Correct
Katsuki Bakugo
99%
Izuku Midoriya
98%
Shoto Todoroki
98%
Ochaco Uraraka
93%
Momo Yaoyorozu
91%
Denki Kaminari
90%
Minoru Mineta
86%
Tsuyu Asui
86%
Eijiro Kirishima
85%
Tenya Iida
85%
Mina Ashido
83%
Fumikage Tokoyami
75%
Kyoka Jiro
72%
Hanta Sero
66%
Toru Hagakure
63%
Yuga Aoyama
63%
Koji Koda
59%
Mezo Shoji
57%
Mashirao Ojiro
55%
Rikido Sato
53%
Aucun quiz correspondant
Distribution des résultats
% des personnes avec chaque résultat
Percentile par nombre de réponses
Votre historique - résultats
Vous n’avez pas pris ce quiz